Devine le joueur grâce à ses clubs #Moyen 1 - Statistiques

Statistiques générales
  • Ce quiz a été pris 157 fois
  • Le résultat moyen est 8 sur 10
Statistiques - réponses
Par images Réponse % Correct
De Bruyne
94%
Depay
91%
Rudiger
90%
Aubameyang
86%
Gundogan
86%
Matuidi
83%
Drogba
75%
Lampard
74%
Pirlo
68%
Eto'o
61%
Aucun quiz correspondant
Distribution des résultats
% des personnes avec chaque résultat
Percentile par nombre de réponses
Votre historique - résultats
Vous n’avez pas pris ce quiz